| 000 | 01121njm a22002777a 4500 | ||
|---|---|---|---|
| 005 | 20100920155949.0 | ||
| 006 | a|||||r|||||00| 0 | ||
| 007 | sd ammalaaahaa | ||
| 008 | 100901t xxu||||| |||| 00| 0 eng d | ||
| 028 |
_aECSD. 3062 _bEMI |
||
| 035 | _aGR-03906 | ||
| 040 |
_aSED _cSED |
||
| 100 |
_aVerma, Rajendra _917891 |
||
| 245 |
_aRajasthani Drama / _cby Rajendra Verma... [et.al]; music by Maharaj Krishan Kumar _h[Sound recording] |
||
| 246 | _aराजस्थानी ड्रामा / राजेंद्र वर्मा द्वारा | ||
| 260 |
_aDum Dum, India _bEMI _c1982 |
||
| 300 |
_a1 Sound disc [Gramophone Recording] : _banalog, 33 1/3 rpm _c12 in. (LP) _fGramophone Record |
||
| 500 | _aBrief record | ||
| 500 | _aRecord Labels : EMI, Red | ||
| 505 | _aSide-1 (Sainani-1) (Rajendra Verma) --Side-2 (Sainani-2) (Rajendra Verma) | ||
| 600 |
_aVerma, Rajendra _919718 |
||
| 650 |
_aRajasthani Drama _xExcerpts _zIndia _917892 |
||
| 700 |
_aMaharaj Krishan Kumar _920833 |
||
| 942 |
_2ddc _cGR |
||
| 999 |
_c47102 _d47102 |
||